000 01331nas a2200253 454500
001 4314
005 20260407193504.0
008 260407s2003####ag###########|||spa#d
003 AR-UNSa-BCEJYS
040 _aAR-UNSa-BCEJYS
_bspa
_cAR-UNSa-BCEJYS
080 _a34
_xDerecho
245 1 0 _aAcademia
_pRevista sobre enseñanza del derecho de Buenos Aires
022 _a1667-4154
264 1 _aBuenos Aires :
_bUniversidad de Buenos Aires. Facultad de Derecho. Departamento de Publicaciones
_c2003
310 _aPeriodicidad: Trimestral A partir del año 2006 la periodicidad es Semestral A partir del Nº 17 ingresan como Directores María Laura Clérico y Gonzalo Alvarez
505 _aLos objetivos de la publicación, son promover estudios e investigaciones, provocar debates especializados, producir reflexiones teóricas, difundir informes derivados de investigaciones, de prácticas docentes, traducciones y presentar reseñas bibliográficas referidas a temas relacionados con la enseñanza y aprendizaje del derecho y temas afines.
942 _cSER
590 _aniveau_biblio:s niveau_hierar:1
100 1 _aBeloff, Mary
700 1 _aClérico, María Laura
650 _aEnseñanza superior
650 _aDerecho
856 4 1 _uhttps://biblioeco.unsa.edu.ar/pmb/images/revistas/R09858.jpg
_yImagen de portada
_qimage/jpeg
999 _c8405
_d8405